| 000 | 01026nac a22003137a 4500 | ||
|---|---|---|---|
| 001 | BR7503161 | ||
| 003 | BR-BrBNA | ||
| 005 | 20240105113849.0 | ||
| 008 | 230509b bl.|||m| |||| 00| 0 por d | ||
| 040 |
_aBR-BrBNA _bpor _cBiblioteca Nacional de Agricultura |
||
| 072 | _aF00; F25; N20 | ||
| 090 | _a0120 BR7503161 | ||
| 110 | 1 |
_aServico Nacional de Formacao Profissional Rural, Brasilia, DF (Brasil) _99371 |
|
| 245 | 1 | _aProdutor de milho [Zea mays, pratica cultural, calagem, equipamento rural, Brasil] | |
| 260 | 3 |
_aBrasilia, DF (Brasil): _c1975. |
|
| 300 | _a572 p. | ||
| 490 |
_aColecao Basica Rural - Servico Nacional de Formacao Profissional Rural (Brazil) _vno. 1 _x |
||
| 500 | _a1716 illus. | ||
| 650 | _aPRODUCAO VEGETAL | ||
| 650 | _aFERTILIDADE DO SOLO | ||
| 650 | _aEQUIPAMENTO RURAL | ||
| 650 | _aMILHO | ||
| 650 | _aMAQUINA AGRICOLA | ||
| 650 | _aPRATICA CULTURAL | ||
| 650 | _aCALAGEM | ||
| 650 | _aRENDIMENTO | ||
| 909 |
_a202312 _bLúcia Elande _c55 _dLúcia Elande |
||
| 942 |
_2AGRIS _n0 _cMS |
||
| 999 |
_c266021 _d266021 |
||